000 00876nas a2200277 4500
001 BR0801453
003 BR-BrBNA
005 20231205111709.0
007 ta
008 230509b bl.|||p| |||| 00| 00por d
040 _aBR-BrBNA
_bpor
_cBiblioteca Nacional de Agricultura
041 _a(Pt)
072 _aL02
100 1 _aSantos, L.N. dos
100 1 _aGonzalez, A.F.
100 1 _aAraújo, F.G.
245 1 _aDieta do tucunaré-amarelo Cichla monoculus (Bloch Schneider)(Osteichthyes, Cichlidae)no Reservatório de Lajes, Rio de Janeiro, Brasil
650 _aPEIXE
650 _aTUCUNARÉ
650 _aDIETA
650 _aNUTRIÇÃO ANIMAL
650 _aRIO DE JANEIRO
773 0 _tRevista Brasileira de Zoologia (Brazil)
_xISSN 0101-8175
_g(Jun 2001), v. 18(1) p. 191-204
_wBR0801453
909 _a202311
_bLúcia
_c55
_dLúcia Elande
942 _2AGRIS
_n0
_cANA
999 _c194006
_d194006